Guess the RPDR All-Stars Winners - Statistics

General Stats
  • This quiz has been taken 17 times
    15 since last reset
  • The average score is 10 of 10
Answer Stats
Picture Answer % Correct
Alaska
100%
Jinkx Monsoon
100%
Kylie Sonique Love
100%
Monet X Change
100%
Shea Coulee
100%
Trinity the Tuck
100%
Trixie Mattel
100%
Chad Michaels
92%
Jimbo
92%
Angeria Paris Van Michaels
75%
No matching quizzes found
Score Distribution
Percent of People with Each Score
Percentile by Number Answered
Your Score History
You have not taken this quiz since the last reset